Man of the Match of Every ODI Final - Statistics

General Stats
  • This quiz has been taken 13 times
  • The average score is 9 of 13
Answer Stats
Year (Final Host City) Answer % Correct
2019 London Ben Stokes
100%
2003 Johannesburg Ricky Ponting
100%
2011 Mumbai MS Dhoni
83%
1999 London Shane Warne
83%
2023 Ahmedabad Travis Head
83%
1979 London Viv Richards
83%
2007 Bridgetown Adam Gilchrist
67%
1975 London Clive Lloyd
67%
1983 London Mohinder Amarnath
67%
1992 Melbourne Wasim Akram
67%
2015 Melbourne James Faulkner
50%
1996 Lahore Aravinda De Silva
33%
1987 Kolkata David Boon
33%
No matching quizzes found
Score Distribution
Percent of People with Each Score
Percentile by Number Answered
Your Score History
You have not taken this quiz